Score 0/16 Timer 05:00
0 Plays Today
Person voted off Alternate target % Correct
So KimCarolyn Rivera
94.6%
Tyler FredericksonMike Holloway
94.6%
Dan FoleyCarolyn Rivera
94.6%
Rodney Lavoie Jr.Carolyn Rivera
94.6%
Mike HollowayCarolyn Rivera/Will Sims II
94.6%
Vince SlyJenn Brown/Nina Poersch
92.9%
Nina PoerschWill Sims II
92.9%
Lindsey CascaddanSierra Dawn Thomas/Rodney Lavoie Jr.
92.9%
Person voted off Alternate target % Correct
Kelly RemingtonHali Ford/Jenn Brown
92.9%
Sierra Dawn ThomasRodney Lavoie Jr.
92.9%
Shirin OskooiTyler Frederickson/Dan Foley
89.3%
Joaquin SouberbielleJoe Anglim
87.5%
Hali FordDan Foley
87.5%
Joe AnglimJenn Brown/Dan Foley
87.5%
Jenn BrownShirin Oskooi/Carolyn Rivera
87.5%
Max DawsonWill Sims II
85.7%
Remove Ads.
Support Sporcle.
Get the best of Sporcle when you Go Orange. This ad-free experience offers more features, more stats, and more fun while also helping to support Sporcle. Thank you for becoming a member.

You're not logged in!

Compare scores with friends on all Sporcle quizzes.
OR
Log In

Show Comments

Extras

Top Quizzes Today


Score Distribution

Your Account Isn't Verified!

In order to create a playlist on Sporcle, you need to verify the email address you used during registration. Go to your Sporcle Settings to finish the process.

Report this User

Report this user for behavior that violates our Community Guidelines.

Details: